00486 a2200157 4500010001400000020002300014035001300037037001400050082000800064100002600072245005600098260003400154270009800188300002200286500002000308 aENG-86919 a8183821103c450.00 aEN-70452 bDBAD /PUB14a3231 aPandey, Digvijay Nath1 aTeaching of human rights /cby Digvijay Nath Pandey aNew DelhibLotus Presscc2007 a4263/3, Ansari Road, Darya GanjbNew Delhie110 002k32903912, 23290047mlotus_press@sify.com a280 pc21 cm (Hb) aIncludes index